|
|
|
|
| LEADER |
01035nam a2200253 a 4500 |
| 001 |
GR-MES385 |
| 008 |
991111s gr 000 b eng d |
| 020 |
|
|
|a 0125507550
|
| 040 |
|
|
|a GrPaTEI
|b gre
|c GR-PaULI
|
| 245 |
0 |
0 |
|a Pathology in marine science :
|b Proceedings of the Third International Colloquium, Gloucester Point, Virginia, October 2-6, 1988.
|
| 260 |
|
|
|a San Diego :
|b Academic press,
|c c1990
|
| 300 |
|
|
|a xvi, 538σελ. :
|b εικ.,πιν.
|
| 500 |
|
|
|a Περιέχει βιβλιογραφικές αναφορές
|
| 650 |
|
4 |
|a Ασθένειες
|
| 650 |
|
4 |
|a Θαλάσσια ψάρια
|
| 650 |
|
4 |
|a Παθολογία
|
| 650 |
|
4 |
|a Συνέδρια
|
| 650 |
|
4 |
|a Ψάρια
|
| 700 |
1 |
|
|a Cheng, Thomas C.
|
| 700 |
1 |
|
|a Perkins, Frank O.
|
| 942 |
|
|
|2 ddc
|
| 952 |
|
|
|0 0
|1 0
|2 ddc
|4 0
|6 639_300000000000000_PER
|7 0
|9 263612
|a MSLG
|b MSLG
|c BSC
|d 2021-01-17
|e 24
|f 1
|g 0.00
|l 0
|o 639.3 PER
|p 2420000003741
|r 2021-01-17 00:00:00
|t 1
|w 2021-01-17
|y BK15
|x 19991111 0 1
|x GrPaTEI
|
| 971 |
|
|
|a .b25714260
|b 15-04-20
|c 13-09-16
|
| 999 |
|
|
|c 151766
|d 151766
|